000
00292nam a2200133Ia 4500
003
OSt
005
20240404100621.0
020
_a
81-7154-859-8
040
_c
LCC
050
_a
Z 696 .M35 2003
100
_a
MALSHE,MILIND
245
0
_a
AESTHETICS OF LITERARY CLASSIFICATION
942
_c
BK
_2
ddc
999
_c
206806
_d
206806